000 00398pab a2200169 454500
008 180718b2000 xxu||||| |||| 00| 0 eng d
100 _aReddy, C. Rammanohar
245 _aAgriculture's plight
260 _c2000
300 _ap.10
362 _a23 Dec
650 _aAgriculture - India
650 _aAgricultural policy - India
650 _aAgriculture
773 _aHindu
909 _a47957
999 _c47957
_d47957